02778cam a22003378i 450000100090000000300050000900500170001400800410003101000170007202000310008903500130012004000340013304200080016705000250017508200240020010000350022424500810025925000190034026300090035926400560036830000290042433600260045333700280047933800270050750000650053450400510059950503320065052012910098265000240227377601430229721882878CSPC20250904141402.0210128s2021 nyu b 001 0 eng  a 2021004356 a9780367468064q(paperback) a21882878 aDLCbengerdacDLCdDLCdCSPC apcc00aHD30.28b.S5587 202100a658.4012bSm47s2231 aSminia, Harry,d1963-eauthor.14aThe strategic manager :bunderstanding strategy in practice /cHarry Sminia. aThird edition. a2106 1aAbingdon, Oxon ;aNew York, NY :bRoutledge,c2022. axii, 210 pages ;c24 cm. atextbtxt2rdacontent aunmediatedbn2rdamedia avolumebnc2rdacarrier aRevised edition of the author's The strategic manager, 2018. aIncludes bibliographical references and index.0 aStrategic management basics -- Marketing-inspired strategic thinking -- The industrial organization approach -- The resource-based view -- Agency theory and shareholder value -- Stakeholders and organizational politics -- Institutional theory and organizational culture -- Similarities, differences, and underlying assumptions. a"The Strategic Manager provides a comprehensive, logical and applied insight in strategic management. Unlike some more theory-heavy texts, this book focuses on how strategy works in everyday practice, taking readers' expectations and understanding beyond that of strategy as a matter of planning only. It enables the reader to learn and reflect upon their practical skills and knowledge, and critically evaluate the strategy process and their own strategic decision-making. The book is based around six different strategy theories, individually presented and supplemented with useful lists of questions that encourage readers to become competent strategic thinkers. This 3rd edition has been fully updated throughout, including fresh case studies and examples from across Asia, Africa and South America that bridge theory with practice, new strategy practice boxes considering the importance of cooperation and strategic alliances, and reflective questions to aid understanding. Essential reading for postgraduate students of Strategic Management, MBA students and those in executive education, this text will also be a useful tool for reflective managers trying to develop a better understanding. Online resources include chapter-by-chapter PowerPoint slides"--cProvided by publisher. 0aStrategic planning.08iOnline version:aSminia, Harry, 1963-tThe strategic managerbThird edition.dNew York : Routledge, 2021.z9781003031260w(DLC) 2021004357